[Event "Lombardia Region-ch"]
[Site "Solaro"]
[Date "2010.05.30"]
[Round "4"]
[White "Turini, Gianluca"]
[Black "Iori, Edmondo"]
[Result "0-1"]
[WhiteElo "1764"]
[BlackElo "1520"]
[PlyCount "92"]
[EventDate "2010.05.28"]
[EventType "swiss"]
[EventRounds "5"]
[EventCountry "ITA"]
[SourceTitle "EXT 2024"]
[Source "ChessBase"]
[SourceDate "2023.10.10"]
[SourceVersion "1"]
[SourceVersionDate "2023.10.10"]
[SourceQuality "1"]

1. d4 d5 2. c4 e6 3. Nc3 Nf6 4. Bg5 Be7 5. e3 0-0 6. Nf3 Ne4 7. Bxe7 Qxe7 8. cxd5 Nxc3 9. bxc3 exd5 10. Qc2 Bg4 11. Be2 c6 12. 0-0 Nd7 13. c4 dxc4 14. Qxc4 Nb6 15. Qc2 Nd5 16. Rfb1 Rfe8 17. Rb3 Rec8 18. Rab1 Rc7 19. a4 g6 20. e4 Nf4 21. Bf1 Ne6 22. Qb2 Bxf3 23. Rxf3 Rd8 24. Rd3 Rcd7 25. Qd2 Rxd4 26. Rxd4 Rxd4 27. Qc2 Nc5 28. f3 Rxa4 29. Kh1 Rd4 30. Qc3 Ne6 31. Bc4 Rd7 32. Ba2 c5 33. g3 b6 34. f4 Nd4 35. e5 Qd8 36. Qc4 Ne6 37. Kg2 Rd2+ 38. Kh3 Qd7 39. g4 Rd4 40. Qf1 Nxf4+ 41. Kg3 Ne6 42. Rb3 Qe7 43. Rf3 Ng5 44. Re3 Re4 45. Bxf7+ Qxf7 46. Qxf7+ Kxf7 0-1

[Event "Lombardia Region-ch"]
[Site "Solaro"]
[Date "2010.05.29"]
[Round "3"]
[White "Iori, Edmondo"]
[Black "Mondini, Francesco"]
[Result "1-0"]
[WhiteElo "1520"]
[BlackElo "1516"]
[PlyCount "63"]
[EventDate "2010.05.28"]
[EventType "swiss"]
[EventRounds "5"]
[EventCountry "ITA"]
[SourceTitle "EXT 2024"]
[Source "ChessBase"]
[SourceDate "2023.10.10"]
[SourceVersion "1"]
[SourceVersionDate "2023.10.10"]
[SourceQuality "1"]

1. e4 e5 2. Nf3 Nc6 3. Bb5 a6 4. Bc4 Be7 5. d3 Nf6 6. 0-0 0-0 7. a3 d6 8. b4 b5 9. Bb3 Bg4 10. h3 Bxf3 11. Qxf3 Nd4 12. Qd1 Qc8 13. c3 Nxb3 14. Qxb3 c5 15. Be3 c4 16. Qc2 d5 17. dxc4 dxc4 18. f3 Rd8 19. Rd1 Qc6 20. Nd2 Rd3 21. Nf1 Rad8 22. Rxd3 Rxd3 23. Rd1 Qd7 24. Rxd3 cxd3 25. Qb3 Qc6 26. Nd2 Bd8 27. c4 Qd7 28. c5 Nh5 29. Qd5 Qxd5 30. exd5 Nf6 31. d6 Nd7 32. c6 1-0

[Event "Lombardia Region-ch"]
[Site "Solaro"]
[Date "2010.05.29"]
[Round "2"]
[White "Ronconi, Fausto"]
[Black "Iori, Edmondo"]
[Result "1-0"]
[WhiteElo "1761"]
[BlackElo "1520"]
[PlyCount "69"]
[EventDate "2010.05.28"]
[EventType "swiss"]
[EventRounds "5"]
[EventCountry "ITA"]
[SourceTitle "EXT 2024"]
[Source "ChessBase"]
[SourceDate "2023.10.10"]
[SourceVersion "1"]
[SourceVersionDate "2023.10.10"]
[SourceQuality "1"]

1. d4 d5 2. c4 e6 3. Nc3 Nf6 4. Bg5 c6 5. e3 g6 6. Nf3 Bg7 7. Bd3 0-0 8. Ne5 Qe8 9. h3 Nfd7 10. Ng4 f5 11. Nh6+ Kh8 12. h4 Nf6 13. Be2 Nbd7 14. c5 e5 15. Qc2 e4 16. 0-0-0 Bxh6 17. Bxh6 Rf7 18. h5 gxh5 19. Bxh5 Nxh5 20. Rxh5 Qg8 21. Rg5 Qd8 22. Rh1 Nf6 23. Ne2 Ng4 24. Rgh5 Nxh6 25. Rxh6 Qg8 26. Nf4 Qg5 27. Qe2 Kg8 28. R1h3 Rg7 29. Qf1 Qe7 30. Qh1 Bd7 31. Nh5 Rg6 32. Rxg6+ hxg6 33. Nf4 Qg7 34. Nxg6 Kf7 35. Ne5+ 1-0